| 000 | 00900nam a2200265 i 4500 | ||
|---|---|---|---|
| 001 | bg | ||
| 100 | 1 | _aURADZIŃSKI, Jan | |
| 245 | 1 | 0 |
_aBadanie sanitarno-weterynaryjne ryb, skorupiaków i mięczaków / _cJan Uradziński, Beata Wysok, Małgorzata Gomółka-Pawlicka. |
| 260 |
_aOlsztyn : _bWydawnictwo Uniwersytetu Warmińsko-Mazurskiego, _c2006. |
||
| 300 |
_a71 s. : _bfot., rys. ; _c24 cm. |
||
| 504 | _aBibliogr. | ||
| 650 | 9 |
_aRyby _xbadanie |
|
| 650 | 9 |
_aSkorupiaki _xbadanie |
|
| 650 | 9 |
_aMięczaki _xbadanie |
|
| 700 | 1 | _aWYSOK, Beata | |
| 700 | 1 | _aGOMÓŁKA-PAWLICKA, Małgorzata | |
| 020 | _a8372994374 | ||
| 040 | _cBPK | ||
| 041 | 0 | _apol | |
| 080 | _a614.3:614.9:597.2/.5+594/595 | ||
| 920 | _a83-7299-437-4 | ||
| 942 | _cKS | ||
| 008 | s pl f |000 0 pol | ||
| 999 |
_c51841 _d51841 |
||
| 856 |
_uhttp://koha.tu.koszalin.pl/cgi-bin/koha/opac-detail.pl?biblionumber=51841 _yKatalog online BPK |
||